| 000 | 00553nam a2200181Ia 4500 | ||
|---|---|---|---|
| 001 | 57675 | ||
| 008 | 140603n ii |||gr||||Z||||||465 | ||
| 020 | _a978-93-82624-64-6 | ||
| 082 | _a891.413 | ||
| 245 | 0 |
_a1962 The untold story of Indo -China war fought in Arunachal Pradesh border _cMrinal Talukdar _hTextual Documents |
|
| 250 | _a3rd ed. | ||
| 260 |
_aGuwahati: _bNanda Talukdar Foundation., _c2013. |
||
| 300 |
_a339pg: _c23cm. |
||
| 653 | _aAssamese Fiction | ||
| 653 | _aChina war | ||
| 700 |
_aTalukdar, Mrinal , _eAuthor. |
||
| 942 |
_2ddc _cBK |
||
| 999 |
_c57580 _d57580 |
||